| 000 | 00604nam a2200181Ia 4500 | ||
|---|---|---|---|
| 003 | GCL | ||
| 008 | 140319s9999 xx 000 0 ara d | ||
| 040 |
_aGCL / _cGCL |
||
| 082 | 0 | 4 |
_a361.5 _bا ا |
| 100 | 1 | _aابراهيم قويدار | |
| 245 | 1 | 0 |
_aدراسات فى انظمة الضمان الاجتماعى / _cابراهيم قويدار |
| 260 |
_a[S.N] : _bادراة الترجمة العلمية ، _c1992 |
||
| 300 | _a4066 ص | ||
| 490 | _a | ||
| 650 | 0 | 4 | _aعلم الاجتماع الاقتصادى |
| 650 | 0 | 4 | _aالخدمات الاجتماعية الحكومية |
| 942 |
_2ddc _cBK |
||
| 999 |
_c44189 _d44189 |
||